Informačný systém pre firmu poskytujúcu služby diplomová práca

Uložené v:
Podrobná bibliografia
Hlavný autor: Palček, Jozef
Korporativný autor: Fakulta hospodárskej informatiky EU. Katedra aplikovanej informatiky
Ďalší autori: Trochanová, Hana
Médium: Kniha
Jazyk:Slovak
Vydavateľské údaje: Bratislava 2012
Tagy: Pridať tag
Žiadne tagy, Buďte prvý, kto otaguje tento záznam!

MARC

LEADER 00000nbm a2200000 4500
001 0154939
005 20161109102155.0
041 0 |a slo 
044 |a SK 
245 1 0 |a Informačný systém pre firmu poskytujúcu služby  |b diplomová práca  |c Jozef Palček ; školiteľ: Hana Trochanová 
264 1 |a Bratislava  |c 2012 
300 |a 60 s. 
100 1 |a Palček, Jozef 
700 1 |a Trochanová, Hana 
710 2 |a Fakulta hospodárskej informatiky EU. Katedra aplikovanej informatiky